Dance Moms Name That Dancer And Dance Mom!! - Statistics

General Stats
  • This quiz has been taken 183 times
    66 since last reset
  • The average score is 12 of 15
Answer Stats
Picture Answer % Correct
Brooke Hyland
100%
Chloe Lukasiak
100%
Kendall Vertes
100%
Maddie Ziegler
100%
Nia Sioux
100%
Paige Hyland
100%
Kalani Hilliker
96%
Abby Lee Miller
93%
Christi Lukasiak
89%
Kelly Hyland
89%
Holly Sioux
86%
Jill Vertes
84%
Kira Hilliker
77%
Mackenzie Ziegler
29%
Melissa Ziegler
5%
No matching quizzes found
Score Distribution
Percent of People with Each Score
Percentile by Number Answered
Your Score History
You have not taken this quiz since the last reset